Southern journal of business and ethics.

Bibliographic Details
Corporate Author: Southern Academy of Legal Studies in Business
Format: Journal
Language:English
Published: [Edmond, Okla.] : Southern Academy of Legal Studies in Business, 2009 -
Subjects:
Online Access:Acceso restringido

MARC

LEADER 00000cas a2200000 a 4500
005 20111215144409.0
007 cr|||| |||||
008 081201c20099999okufr p | a0eng c
010 |a 2008203793 
022 0 |a 1944-5474  |2 1 
035 |a 7251 
037 |b Marty Ludlum, 116 Thatcher Hall, University of Central Oklahoma, Edmond, OK 73034,  |c $15.00 (per issue) 
040 |a NSDP  |c NSDP  |d DLC  |d DLC  |d vLex 
042 |a pcc  |a nsdp 
082 1 0 |a 174.4  |2 14 
090 |c 4422  |d 4422 
222 0 |a Southern journal of business and ethics 
245 0 0 |a Southern journal of business and ethics.  |h [Recurso electrn̤ico] 
246 1 |a SJBE 
256 |a Servicio en ln̕ea 
260 |a [Edmond, Okla.] :  |b Southern Academy of Legal Studies in Business,  |c 2009 - 
300 |a 1 recurso electrn̤ico 
310 |a Semianual 
362 1 |a Nm︢. 1 (2009) - 
506 1 |a Contenido solo disponible en los productos indicados  |d vLex Global  |d vLex Global (Academic Edition, excluding Law Schools)  |d vLex Global (U.S. Academic Edition, Law Schools)  |d vLex Global (U.S. Academic Edition, excluding Law Schools)  |d vLex Global (Academic Edition, Law Schools) 
650 0 |a ťica en los negocios  |v Revistas 
710 2 |a Southern Academy of Legal Studies in Business 
740 0 |a vLex Revistas (Servicio en ln̕ea) 
856 4 0 |u http://vlex.com/source/7251  |z Acceso restringido 
942 |c REV 
999 0 |a Business ethics